000 00213nam a2200097Ia 4500
008 190216s9999||||xx |||||||||||||| ||und||
100 _aKrishan Chandran
245 0 _aJwalayum Poopum
260 _bNull
942 _cBK
999 _c24029
_d24029